Feminism and history

Αποθηκεύτηκε σε:
Λεπτομέρειες βιβλιογραφικής εγγραφής
Άλλοι συγγραφείς: Scott, Joan Wallach (Επιμελητής έκδοσης)
Μορφή: Βιβλίο
Γλώσσα:English
Δημοσίευση: Oxford : Oxford University Press, c1996.
Θέματα:
Ετικέτες: Προσθήκη ετικέτας
Δεν υπάρχουν, Καταχωρήστε ετικέτα πρώτοι!

MARC

LEADER 00000cam a2200000 i 4500
001 1/289
008 000403s1996 enk| ||| |||| ||eng||
020 |a 0198751699 
035 |l 10059605 
040 |a GR-MyUa  |b gre  |e AACR2 
041 0 |a eng 
082 7 |a 305.4209   |2 (22) 
245 0 0 |a Feminism and history /   |c edited by Joan Wallach Scott. 
260 |a Oxford :   |b Oxford University Press,   |c c1996. 
300 |a 611 σ. ;   |c 22 εκ. 
504 |a Περιλαμβάνει βιβλιογραφικές παραπομπές και ευρετήριο. 
650 0 0 |a Women  |x History. 
650 0 0 |a Feminist theory. 
700 1 |a Scott, Joan Wallach,  |e edt 
852 |a INST  |b LESVOS  |e 20000403  |h 305.4209 FEM  |p 005100024539  |q 005100024539  |t BK  |y 0 
901 |a BIBL1-2000-1 
922 |a 1ΕΛΗ  |b 200003  |c ΚΠΣ/ΤΚΑ  |d ΠΑΠΑΣΩΤΗΡΙΟΥ 
950 |a 117-1999-11-26 
970 |a ΜΟΥΣΤΑΚΑ  |b ΠΗΝΕΛΟΠΗ  |z 2000/04/25